Lecturas Francesas: Primer libro

Gespeichert in:
Bibliographische Detailangaben
1. Verfasser: Polanco, Clarisa (VerfasserIn)
Format: Buch
Sprache:Französisch
Erschienen: Santiago Imprenta Universitaria 1935
Katalog:MANES:  Suchergebnis im Bibliothekskatalog
Schulbuchspezifische Eigenschaften:
Tags: Tag hinzufügen
Keine Tags, Fügen Sie den ersten Tag hinzu!
Hinzugefügt zu:08.04.2020
Geändert in:25.04.2025

MARC

LEADER 00000nam a22000007a 4500
005 20250425101458.0
008 200409b ||||| |||| 00| 0 fre d
040 |a MGM 
561 |5 cl-MGM  |3 T 440 P762l 1935 2°m  |a Chile. Museo Gabriela Mistral  |k MANES 
999 |c 88340  |d 88340 
100 |9 31061  |a Polanco, Clarisa  |e Autor 
245 |a Lecturas Francesas: Primer libro 
260 |a Santiago  |b Imprenta Universitaria   |c 1935 
300 |a 70 p.  |c 18,3 x 13,7 cm. 
521 |a Primer año de francés.  
546 |a Chile  
690 |a LE 
691 |a SE 
942 |2 ddc  |c BK 
999 |c manes:88340  |d 88340